MARC details
| 000 -CABECERA |
| campo de control de longitud fija |
01737nam a2200301 a 4500 |
| 001 - NÚMERO DE CONTROL |
| campo de control |
000046810 |
| 005 - FECHA Y HORA DE LA ÚLTIMA TRANSACCIÓN |
| campo de control |
20250115114738.0 |
| 008 - DATOS DE LONGITUD FIJA--INFORMACIÓN GENERAL |
| campo de control de longitud fija |
180328s2015 dr c 000 0 spa d |
| 040 ## - FUENTE DE LA CATALOGACIÓN |
| Centro catalogador/agencia de origen |
DO-SdBNP |
| Lengua de catalogación |
spa |
| Centro/agencia transcriptor |
BNPHU |
| 082 ## - NÚMERO DE LA CLASIFICACIÓN DECIMAL DEWEY |
| Número de clasificación |
xxxx |
| Número de documento/Ítem |
B588n, 2015 |
| 111 2# - ENTRADA PRINCIPAL--NOMBRE DE CONGRESO/REUNIÓN |
| Nombre de congreso/reunión o jurisdicción como elemento de entrada |
Bienal Nacional de Artes Visuales |
| Número del congreso/reunión o número de parte o sección |
(27ª |
| Fecha del congreso/reunión |
2015: |
| Sede del congreso/Lugar de la reunión |
Santo Domingo, República Dominicana) |
| 9 (RLIN) |
74762 |
| 245 10 - MENCIÓN DE TÍTULO |
| Título |
Bienal nacional / |
| Mención de responsabilidad, etc. |
presentación José Antonio Rodríguez ; introducción María Elena Ditrén. |
| 260 ## - PUBLICACIÓN, DISTRIBUCIÓN, ETC. |
| Lugar de publicación, distribución, etc. |
Santo Domingo, : |
| Nombre del editor, distribuidor, etc. |
Museo de Arte Moderno, |
| Fecha de publicación, distribución, etc. |
2015. |
| 300 ## - DESCRIPCIÓN FÍSICA |
| Extensión |
315 p. ; |
| Dimensiones |
retrs. |
| -- |
32 cm. |
| 500 ## - NOTA GENERAL |
| Nota general |
Incluye curriculums de artistas |
| 505 0# - NOTA DE CONTENIDO CON FORMATO |
| Información miscelánea |
Presentacion / |
| Mención de responsabilidad |
José Antonio Rodríguez -- |
| Título |
Introducción / |
| Mención de responsabilidad |
María Elena Ditrén -- |
| Título |
La XXVII Bienal de Artes visuales, ¡A la hora de los premios! / |
| Mención de responsabilidad |
Amable López Meléndez -- |
| Título |
La vigésimo séptima bienal de artes plásticas -- |
| -- |
Reformulación del concepto del arte y el del artista / |
| Mención de responsabilidad |
Laura Gil Fiallo -- |
| -- |
Birgene Armenteros -- |
| Título |
Invitados especiales -- |
| -- |
Premios y menciones de honor -- |
| -- |
Obras seleccionadas -- |
| -- |
Curriculum artistas -- |
| -- |
Índice de artistas -- |
| -- |
Traducciones -- |
| -- |
Agradecimientos / |
| 590 ## - NOTA LOCAL (RLIN) |
| Nota local |
Inventariado, 2018/ YL |
| 650 #4 - PUNTO DE ACCESO ADICIONAL DE MATERIA--TÉRMINO DE MATERIA |
| Término de materia o nombre geográfico como elemento de entrada |
Arte dominicano |
| Subdivisión cronológica |
SIGLO XX |
| 9 (RLIN) |
23012 |
| 650 #4 - PUNTO DE ACCESO ADICIONAL DE MATERIA--TÉRMINO DE MATERIA |
| Término de materia o nombre geográfico como elemento de entrada |
Arte moderno |
| Subdivisión cronológica |
SIGLO XX |
| 9 (RLIN) |
54938 |
| 650 #4 - PUNTO DE ACCESO ADICIONAL DE MATERIA--TÉRMINO DE MATERIA |
| Término de materia o nombre geográfico como elemento de entrada |
Pintura dominicana |
| Subdivisión general |
Premios |
| 9 (RLIN) |
23013 |
| 650 #4 - PUNTO DE ACCESO ADICIONAL DE MATERIA--TÉRMINO DE MATERIA |
| Término de materia o nombre geográfico como elemento de entrada |
Escultura dominicana |
| Subdivisión general |
Premios |
| 9 (RLIN) |
54939 |
| 650 #4 - PUNTO DE ACCESO ADICIONAL DE MATERIA--TÉRMINO DE MATERIA |
| Término de materia o nombre geográfico como elemento de entrada |
Cerámica dominicana |
| Subdivisión general |
Premios |
| 9 (RLIN) |
54940 |
| 700 12 - PUNTO DE ACCESO ADICIONAL--NOMBRE DE PERSONA |
| Nombre de persona |
Rodríguez, José Antonio |
| Término indicativo de función/relación |
pres. |
| 9 (RLIN) |
30248 |
| 700 12 - PUNTO DE ACCESO ADICIONAL--NOMBRE DE PERSONA |
| Nombre de persona |
Ditrén, María Elena |
| Término indicativo de función/relación |
intr. |
| 9 (RLIN) |
57565 |
| 710 2# - PUNTO DE ACCESO ADICIONAL--NOMBRE DE ENTIDAD CORPORATIVA |
| Nombre de entidad corporativa o nombre de jurisdicción como elemento de entrada |
Museo de Arte Moderno (República Dominicana) |
| 9 (RLIN) |
54941 |
| 710 1# - PUNTO DE ACCESO ADICIONAL--NOMBRE DE ENTIDAD CORPORATIVA |
| Nombre de entidad corporativa o nombre de jurisdicción como elemento de entrada |
República Dominicana. |
| Unidad subordinada |
Secretaría de Estado de Cultura |
| 9 (RLIN) |
6453 |
| 710 2# - PUNTO DE ACCESO ADICIONAL--NOMBRE DE ENTIDAD CORPORATIVA |
| Nombre de entidad corporativa o nombre de jurisdicción como elemento de entrada |
Grupo León Jimenes (República Dominicana) |
| 9 (RLIN) |
27171 |